000 00599nam a22001817a 4500
999 _c188798
_d188798
005 20220603150436.0
010 _aENG-132995
020 _a9789332556584
_c800.00
035 _aEN-116527
037 _bDBAD/PUB
082 _a510
100 _aMishra, Sanjay
245 _aFundamentals of Mathematics For JEE Main and Advanced:
_bFunctions and Graphs/
_cSanjay Mishra
260 _aNoida
_bPearson India Education Services Pvt. ltd
_c2016
270 _aA-8(A), 7th Floor, Knowledge Boulevard Sector 62
_bNoida
_e201309
300 _avp.
_c25cm(pbk)
942 _2ddc
_cEN
_mMIS
_h510